| 000 | 00692nam a22002057a 4500 | ||
|---|---|---|---|
| 008 | 110810t xxu||||| |||| 00| 0 eng d | ||
| 020 | _a978-2-294-01549-6 | ||
| 040 |
_aBUAC _cCDIRSP |
||
| 041 | _aFr | ||
| 100 |
_aBARRE, Michel _918107 |
||
| 245 |
_aOrganiser les services de soins _b : le management par la qualité _c / Michel BARRE, CHAMPION- DAVILLER Marie- Noelle |
||
| 250 | _a2 è Ed. | ||
| 260 |
_aParis : _bMasson, _c2004 |
||
| 300 | _a214 p. | ||
| 440 |
_a(Collection Encadrer à L'Hôpital) _918108 |
||
| 650 |
_aQualité soins _918109 |
||
| 653 |
_aOrganiser service de soins _a Gestion : Hôpital |
||
| 700 |
_a Marie- Noelle ,CHAMPION- DAVILLER _918110 |
||
| 942 | _cLIVR | ||
| 999 |
_c49587 _d49587 |
||